Development and physiology of angiosperm pollen / (Record no. 57579)
[ view plain ]
| 000 -LEADER | |
|---|---|
| fixed length control field | 00824nam a2200253 a 4500 |
| 001 - CONTROL NUMBER | |
| control field | 57579 |
| 003 - CONTROL NUMBER IDENTIFIER | |
| rucl marc code | BD-RjUL |
| 005 - DATE AND TIME OF LATEST TRANSACTION | |
| control field | 20211209080530.0 |
| 008 - FIXED-LENGTH DATA ELEMENTS--GENERAL INFORMATION | |
| fixed length control field | 161210s1979 ii ||||| |||| 00| 0 eng d |
| 035 ## - SYSTEM CONTROL NUMBER | |
| System control number | (BD-RjUL)57703 |
| 040 ## - CATALOGING SOURCE | |
| Original cataloging agency | BD-RjUL |
| Language of cataloging | eng |
| Transcribing agency | BD-RjUL |
| 041 ## - LANGUAGE CODE | |
| Language code of text/sound track or separate title | eng |
| 082 ## - DEWEY DECIMAL CLASSIFICATION NUMBER | |
| Edition number | 23 |
| Classification number | 571.2 |
| Author mark and year | SHD 1979 |
| 100 10 - MAIN ENTRY--PERSONAL NAME | |
| Personal name | Shivanna, K R |
| 9 (RLIN) | 170966 |
| 245 10 - TITLE STATEMENT | |
| Title | Development and physiology of angiosperm pollen / |
| Statement of responsibility, etc. | K R Shivanna, B M Johri and D C Sastri. |
| 260 ## - PUBLICATION, DISTRIBUTION, ETC. (IMPRINT) | |
| Place of publication, distribution, etc. | New Delhi : |
| Name of publisher, distributor, etc. | Today & Tomorrow's Printers and Publishers, |
| Date of publication, distribution, etc. | 1979. |
| 300 ## - PHYSICAL DESCRIPTION | |
| Pagination | 117 p. ; |
| Size | 22 cm. |
| 490 ## - SERIES STATEMENT | |
| Series statement | Advances in pollen-spore research, 3 |
| 650 ## - SUBJECT ADDED ENTRY--TOPICAL TERM | |
| Topical term or geographic name as entry element | Plants and microorganisms |
| 9 (RLIN) | 170967 |
| 700 ## - ADDED ENTRY--PERSONAL NAME | |
| Personal name | Johri, B M |
| Personal name | Sastri, D C |
| 830 ## - SERIES ADDED ENTRY--UNIFORM TITLE | |
| Uniform title | Advances in pollen-spore research, 3 |
| 942 ## - ADDED ENTRY ELEMENTS (KOHA) | |
| Source of classification or shelving scheme | Dewey Decimal Classification |
| Koha item type | Books |
| Lost status | Source of classification or shelving scheme | Damaged status | Not for loan | Collection code | Permanent Location | Current Location | Shelving location | Date acquired | Total Checkouts | Full call number | Date last seen | Copy number | Koha item type |
|---|---|---|---|---|---|---|---|---|---|---|---|---|---|
| Dewey Decimal Classification | Non-fiction | Central Library, University of Rajshahi | Central Library, University of Rajshahi | 06/12/1983 | 571.2 SHD 1979 | 10/12/2016 | C-2 | Books | |||||
| Dewey Decimal Classification | Not For Loan | Non-fiction | Central Library, University of Rajshahi | Central Library, University of Rajshahi | Reading Room | 06/12/1983 | 571.2 SHD 1979 | 23/05/2017 | C-1 | Books | |||
| Dewey Decimal Classification | Non-fiction | Central Library, University of Rajshahi | Central Library, University of Rajshahi | 06/12/1983 | 571.2 SHD 1979 | 23/05/2017 | C-3 | Books | |||||
| Dewey Decimal Classification | Non-fiction | Central Library, University of Rajshahi | Central Library, University of Rajshahi | 09/12/1983 | 571.2 SHD 1979 | 23/05/2017 | C-4 | Books |